00623nam a22002297a 4500003000500000005001700005008004100022010001000063011001000073035001000083040000900093082001400102110005000116245004900166260003200215300002000247490004200267500001800309650001100327650001300338830004200351CHAP20220329134647.0971013s1975 mx a r 00010 spa d a23798 a24770 a28869 cCHAP a634.5bC6 aComisión Nacional de Fruticultura. México1 aIntroducción al cultivo del nogal pecanero aMéxico :bCONAFRUT,c1975 a125 p.b: ilus. aSerie de divulgación. Folletov; 18 aFotocopia c.114aNogal.14aPecán.0 aSerie de divulgación. Folletov; 18